Kết cấu bê tông cốt thép thiết kế theo chuẩn Châu Âu

Cung cấp những vấn đề cơ bản về nguyên lý làm việc của bê tông cốt thép, những nguyên tắc chung về tính toán và cấu tạo cấu kiện bê tông cốt thép, đồng thời đi sâu vào thiết kế các kết cấu bê tông cốt thép theo tiêu chuẩn Châu âu....

Volledige beschrijving

Bewaard in:
Bibliografische gegevens
Hoofdauteur: Phan, Quang Minh
Formaat: Boek
Taal:Undetermined
Gepubliceerd in: Hà Nội Xây dựng 2010
Onderwerpen:
Tags: Voeg label toe
Geen labels, Wees de eerste die dit record labelt!
Thư viện lưu trữ: Trung tâm Học liệu Trường Đại học Cần Thơ
LEADER 01004nam a2200205Ia 4500
001 CTU_160799
008 210402s9999 xx 000 0 und d
020 |c 42000 
082 |a 693.54 
082 |b M312 
100 |a Phan, Quang Minh 
245 0 |a Kết cấu bê tông cốt thép thiết kế theo chuẩn Châu Âu 
245 0 |c Phan Quang Minh, Ngô Thế Phong 
260 |a Hà Nội 
260 |b Xây dựng 
260 |c 2010 
520 |a Cung cấp những vấn đề cơ bản về nguyên lý làm việc của bê tông cốt thép, những nguyên tắc chung về tính toán và cấu tạo cấu kiện bê tông cốt thép, đồng thời đi sâu vào thiết kế các kết cấu bê tông cốt thép theo tiêu chuẩn Châu âu. 
650 |a Bê tông cốt thép,Reinforced concrete 
904 |i Trọng Hải 
980 |a Trung tâm Học liệu Trường Đại học Cần Thơ